Tuyển chọn các bài toán đố nâng cao tiểu học Quyển 2
v.v...
Đã lưu trong:
| Tác giả chính: | |
|---|---|
| Định dạng: | Sách |
| Năm xuất bản: |
Đà Nẵng
Nxb Đà Nẵng
2003
|
| Chủ đề: | |
| Tags: |
Thêm thẻ
Không có thẻ, Hãy là người đầu tiên gắn thẻ bản ghi này!
|
| LEADER | 01788nam a2200253 4500 | ||
|---|---|---|---|
| 999 | |c 11099 |d 11099 | ||
| 082 | |a 372.7 |b H531Q | ||
| 100 | |a Huỳnh Quốc Hùng | ||
| 245 | |a Tuyển chọn các bài toán đố nâng cao tiểu học |c Huỳnh Quốc Hùng, Nguyễn Như Quang, Lê Bảo Châu |n Quyển 2 | ||
| 260 | |a Đà Nẵng |b Nxb Đà Nẵng |c 2003 | ||
| 300 | |a 92 tr. |c 24 cm. | ||
| 520 | |a v.v... | ||
| 653 | |a Giáo dục tiểu học | ||
| 653 | |a Toán học | ||
| 653 | |a Bài toán | ||
| 942 | |2 ddc |c STK0 | ||
| 952 | |0 0 |1 0 |2 ddc |4 0 |6 372_700000000000000_H531Q |7 0 |8 300 |9 95593 |a qbu |b qbu |c D2 |d 2015-09-29 |g 7500 |o 372.7 H531Q |p 10831.c1 |r 0000-00-00 |w 2015-09-29 |y STK0 | ||
| 952 | |0 0 |1 0 |2 ddc |4 0 |6 372_700000000000000_H531Q |7 0 |8 300 |9 95594 |a qbu |b qbu |c D2 |d 2015-09-29 |g 7500 |l 2 |o 372.7 H531Q |p 10831.c2 |r 2018-05-22 |s 2018-05-15 |w 2015-09-29 |y STK0 | ||
| 952 | |0 0 |1 0 |2 ddc |4 0 |6 372_700000000000000_H531Q |7 0 |8 300 |9 95595 |a qbu |b qbu |c D2 |d 2015-09-29 |g 7500 |l 3 |o 372.7 H531Q |p 10831.c3 |r 2018-05-22 |s 2018-05-15 |w 2015-09-29 |y STK0 | ||
| 952 | |0 0 |1 0 |2 ddc |4 0 |6 372_700000000000000_H531Q |7 0 |8 300 |9 95596 |a qbu |b qbu |c D2 |d 2015-09-29 |g 7500 |o 372.7 H531Q |p 10831.c4 |r 0000-00-00 |w 2015-09-29 |y STK0 | ||
| 952 | |0 0 |1 0 |2 ddc |4 0 |6 372_700000000000000_H531Q |7 0 |8 300 |9 95597 |a qbu |b qbu |c D2 |d 2015-09-29 |g 7500 |o 372.7 H531Q |p 10831.c5 |r 0000-00-00 |w 2015-09-29 |y STK0 | ||
| 952 | |0 0 |1 0 |2 ddc |4 0 |6 372_700000000000000_H531Q |7 0 |8 300 |9 95598 |a qbu |b qbu |c D2 |d 2015-09-29 |g 7500 |l 1 |o 372.7 H531Q |p 10831.c6 |r 2018-01-26 |s 2018-01-24 |w 2015-09-29 |y STK0 | ||
| 952 | |0 0 |1 0 |2 ddc |4 0 |6 372_700000000000000_H531Q |7 0 |8 300 |9 95599 |a qbu |b qbu |c D2 |d 2015-09-29 |g 7500 |o 372.7 H531Q |p 10831.c7 |r 0000-00-00 |w 2015-09-29 |y STK0 | ||
| 952 | |0 0 |1 0 |2 ddc |4 0 |6 372_700000000000000_H531Q |7 0 |8 300 |9 95600 |a qbu |b qbu |c D2 |d 2015-09-29 |g 7500 |o 372.7 H531Q |p 10831.c8 |r 0000-00-00 |w 2015-09-29 |y STK0 | ||